00893nas a2200241Ia 4500001001100000003000900011008004100020040001300061040001300074041001200087100004700099210001700146222001700163240006300180245007400243250001100317260004600328501008600374300001900460362003500479500010100514650003600615R020/B1009IT-RoPAU151124c99999999xx |||||||||||| ||und|| aIT-RoPAU cIT-RoPAU aINGLESE aStoraro VittoriogCodice Aut. SPICS: 4987 aGRIFFITHIANA aGriffithiana aMEMORIA DELL'IMMAGINE (LA)gCodice Tit. Orig. Spics: B1016 aGRIFFITHIANA, ANNO 12-N.37 (DICEMBRE 1989)bMemory Of The Image (The) a1a ed. aGEMONA (UDINE)bCINETECA DEL FRIULIc1989 bPaulus - SPICS - Società San Paolo EM (non-commercial uses only)cCopyright2015 a3 p. [112-114] aANNO 012, N.37 (DICEMBRE 1989) aMemoria dell'Immagine. Sul Problema della Conservazione e Restauro Delle Opere Cinematografiche. aCINEMAvPUBBLICAZIONE PERIODICA